| 000 | 01156nam a22002895a 4500 | ||
|---|---|---|---|
| 003 | OSt | ||
| 005 | 20171216124736.0 | ||
| 008 | 110118s2003 ua a frb 000 0 ara d | ||
| 017 | _a1999 / 2199 | ||
| 020 | _a9775758270 | ||
| 040 |
_aEG-ScBUE _bara _cEG-ScBUE |
||
| 082 | 0 | 4 |
_a363.73 _bع ا م _222 |
| 100 | 1 |
_aعامر، محمد أمين. _922054 |
|
| 245 | 1 | 0 |
_aتلوث البيئة مشكلة العصر : _bدراسة علمية حول مشكلة التلوث وحماية صحة البيئة / _cتأليف محمد أمين عامر، مصطفى محمود سليمان. |
| 250 | _aط. 2. | ||
| 260 |
_aالقاهرة : _bدار الكتاب الحديث، _c2003. |
||
| 300 |
_a315 ص. : _bإيض. ؛ _c24 سم. |
||
| 500 | _aComposed by Dr. Mostafa Soliman | ||
| 504 | _aيشتمل على قائمة ببليوجرافية. | ||
| 541 |
_aد. مصطفى محمود سليمان ؛ _cإهداء ؛ |
||
| 650 | 7 |
_aتلوث البيئة. _2BUEsh _915265 |
|
| 650 | 7 |
_aحماية البيئة. _2BUEsh _916044 |
|
| 651 | _2BUEsh | ||
| 653 |
_bGGEN _cDecember2017 |
||
| 700 | 1 |
_aسليمان، مصطفى محمود. _939456 |
|
| 942 | _2ddc | ||
| 999 |
_c14915 _d14915 |
||